[Event "Women's Speed Chess Q3"]
[Site "chess.com INT"]
[Date "2021.05.30"]
[Round "5"]
[White "Cyfka, Karina"]
[Black "Obregon Garcia, Roxangel"]
[Result "1/2-1/2"]
[WhiteTitle "IM"]
[BlackTitle "WIM"]
[WhiteElo "2415"]
[BlackElo "2167"]
[WhiteFideId "1122681"]
[BlackFideId "3520420"]
[EventDate "2021.05.30"]

1. d4 d5 2. c4 c6 3. Nf3 Nf6 4. e3 Bf5 5. Nc3 e6 6. Nh4 Be4 7. f3 Bg6 8. Nxg6
hxg6 9. Qb3 Qc7 10. g3 Be7 11. Bg2 Nbd7 12. f4 Rc8 13. O-O O-O 14. Bd2 dxc4 15.
Qxc4 b5 16. Qe2 b4 17. Na4 c5 18. dxc5 Nxc5 19. Nxc5 Bxc5 20. Rac1 Qb6 21. Kh1
Rfd8 22. e4 Bd4 23. e5 Nd5 24. Bxd5 exd5 25. f5 gxf5 26. Rxc8 Rxc8 27. Qf3 Bxe5
28. Qxf5 Qe6 29. Qxe6 fxe6 30. Bxb4 Bxb2 31. Re1 e5 32. Kg2 e4 33. Kf2 Rc2+ 34.
Ke3 Rxh2 35. Rd1 d4+ 36. Kxe4 Re2+ 37. Kd3 Re3+ 38. Kc2 Bc3 39. Bxc3 dxc3 40.
Rd7 Rxg3 41. Rxa7 g5 42. a4 g4 43. a5 Rg2+ 44. Kxc3 g3 45. Re7 Ra2 46. Kb4 g2
47. Re1 Rf2 48. Rg1 Kf7 49. a6 Ra2 50. Kb5 Kf6 51. Kb6 Kf5 52. a7 Kf4 53. Kb7
Kf3 54. Rxg2 Kxg2 55. a8=Q Rxa8 56. Kxa8 1/2-1/2

[Event "Women's Speed Chess Q3"]
[Site "chess.com INT"]
[Date "2021.05.30"]
[Round "5"]
[White "Komiagina, Maria"]
[Black "Eswaran, Aksithi"]
[Result "1-0"]
[WhiteTitle "WIM"]
[BlackTitle "WCM"]
[WhiteElo "2241"]
[BlackElo "1745"]
[WhiteFideId "4153987"]
[BlackFideId "2083485"]
[EventDate "2021.05.30"]

1. d4 d5 2. Nf3 Nf6 3. Bf4 g6 4. e3 Bg7 5. h3 O-O 6. Bd3 e6 7. O-O c5 8. c3 Nc6
9. Ne5 Bd7 10. Nd2 Ne4 11. Bxe4 dxe4 12. Nxe4 cxd4 13. exd4 Nxe5 14. dxe5 Qh4
15. Qd2 Bc6 16. Nd6 Rad8 17. Bg3 Qe7 18. Rad1 Bd5 19. b3 Bc6 20. Rfe1 h5 21. Qe3
Kh7 22. Bf4 Qc7 23. c4 Rd7 24. Bg5 a6 25. Rd2 Rb8 26. Red1 b5 27. c5 Bd5 28. b4
a5 29. a3 axb4 30. axb4 Ra8 31. Nxb5 Qb7 32. Nd6 Qxb4 33. Kh2 Ra5 34. Rc2 Bb3
35. Rb2 Ra3 36. Rdb1 Qa4 37. Rxb3 Rxb3 38. Qxb3 Qxb3 39. Rxb3 Bxe5+ 40. f4 Bxd6
41. cxd6 Rxd6 42. Rb7 Kg7 43. Kg3 Rd3+ 44. Kf2 Rd6 45. Kf3 Rd3+ 46. Ke4 Rd2 47.
Kf3 Rd3+ 48. Kf2 Rd2+ 49. Kg3 Rd3+ 50. Kh2 Rd2 51. f5 Rd5 52. f6+ Kg8 53. Bf4
Rf5 54. Rb8+ Kh7 55. Be3 Rxf6 56. Bd4 e5 57. Bxe5 Re6 58. Rh8# 1-0

[Event "Women's Speed Chess Q3"]
[Site "chess.com INT"]
[Date "2021.05.30"]
[Round "5"]
[White "Dworakowska, Joanna"]
[Black "Starosta, Martyna"]
[Result "1-0"]
[WhiteTitle "IM"]
[BlackTitle "WCM"]
[WhiteElo "2322"]
[BlackElo "1910"]
[WhiteFideId "1107445"]
[BlackFideId "21818754"]
[EventDate "2021.05.30"]

1. e4 e5 2. Nf3 Nc6 3. Bc4 Nf6 4. Nc3 Nxe4 5. Nxe4 d5 6. Qe2 dxc4 7. Qxc4 Be6 8.
Qe2 Be7 9. d3 O-O 10. h4 Bg4 11. c3 Qd5 12. Bg5 Rad8 13. Bxe7 Nxe7 14. Kd2 f5
15. Neg5 e4 16. d4 exf3 17. gxf3 Rde8 18. fxg4 Ng6 19. Qd3 Nf4 20. Qf3 Re2+ 21.
Kd1 Qxf3 22. Nxf3 Rxf2 23. Ne5 fxg4 24. Nxg4 Rg2 25. Ne5 Nd5 26. a4 Rff2 27. Ra2
Rd2+ 28. Kc1 Nxc3 29. Ra3 Nd5 30. Rb3 Rc2+ 31. Kb1 b6 32. Rf1 Rcf2 33. Rc1 c5
34. dxc5 bxc5 35. Rxc5 Ne7 36. Rc7 Nd5 37. Rd7 Nb6 38. Rxa7 Nd5 39. Rb8+ Rf8 40.
Rbb7 Rg1+ 41. Ka2 h6 42. a5 Ne3 43. a6 Nd1 44. h5 Rg2 45. Ng6 Nc3+ 46. Kb3 1-0

[Event "Women's Speed Chess Q3"]
[Site "chess.com INT"]
[Date "2021.05.30"]
[Round "5"]
[White "Nurmanova, Alua"]
[Black "Kanyamarala, Trisha"]
[Result "1-0"]
[WhiteTitle "WFM"]
[BlackTitle "WIM"]
[WhiteElo "2008"]
[BlackElo "2180"]
[WhiteFideId "13729390"]
[BlackFideId "45004722"]
[EventDate "2021.05.30"]

1. e4 c5 2. Nf3 d6 3. d4 cxd4 4. Nxd4 Nf6 5. Nc3 Nc6 6. Bg5 e6 7. Qd2 a6 8.
O-O-O Bd7 9. f4 b5 10. Nb3 Be7 11. Bd3 Qc7 12. Kb1 b4 13. Ne2 a5 14. Nbd4 Na7
15. Nf3 Bc6 16. e5 Nd5 17. Bxe7 Qxe7 18. Be4 Rb8 19. f5 Nb5 20. Ka1 dxe5 21.
Nxe5 Ba8 22. Nd4 Nxd4 23. Qxd4 O-O 24. Rhf1 Nf6 25. Bxa8 Rxa8 26. fxe6 Qxe6 27.
g4 h6 28. h4 Rfd8 29. Qf4 Rxd1+ 30. Rxd1 Re8 31. Nd3 Nd5 32. Qd4 Ne3 33. Rc1 Qc6
34. Kb1 Ng2 35. g5 Rc8 36. gxh6 Qxh6 37. Qg4 Ne3 38. Qxc8+ Kh7 39. Qd7 Nc4 40.
Qxf7 Nd2+ 41. Ka1 Ne4 42. Qf5+ Qg6 43. Qxg6+ Kxg6 44. Re1 Kh5 45. Rxe4 a4 46.
Nxb4 a3 47. b3 g6 48. c4 g5 49. hxg5 Kxg5 50. c5 Kf5 51. Re1 Kf6 52. c6 Kg7 53.
c7 Kh8 54. c8=Q+ Kh7 55. Qf5+ Kg7 56. Rg1+ Kh8 57. Qh3# 1-0

[Event "Women's Speed Chess Q3"]
[Site "chess.com INT"]
[Date "2021.05.30"]
[Round "5"]
[White "Osmak, Iulija"]
[Black "Nguyen, Thi Mai Hung"]
[Result "1-0"]
[WhiteTitle "IM"]
[BlackTitle "WGM"]
[WhiteElo "2425"]
[BlackElo "2254"]
[WhiteFideId "14101602"]
[BlackFideId "12401676"]
[EventDate "2021.05.30"]

1. b4 e6 2. Bb2 Nf6 3. b5 d5 4. e3 c6 5. Nf3 Be7 6. a4 O-O 7. Be2 a6 8. O-O axb5
9. axb5 Rxa1 10. Bxa1 Nbd7 11. d4 Qa5 12. Nc3 c5 13. Bb2 c4 14. Qa1 Qxa1 15.
Rxa1 Nb6 16. Ba3 Re8 17. Bc5 Nfd7 18. Bxe7 Rxe7 19. e4 f6 20. Ra7 Kf7 21. Kf1 h6
22. Ke1 g5 23. h3 dxe4 24. Nxe4 e5 25. Nd6+ Ke6 26. Nxc8 Nxc8 27. Bxc4+ Kd6 28.
Rxb7 exd4+ 29. Kd2 Ne5 30. Nxe5 Rxb7 31. Nf7+ Kc5 32. Be6 Nd6 33. Nxh6 Rxb5 34.
Ng4 Rb6 35. Bb3 Ne4+ 36. Ke2 Nc3+ 37. Kd3 Nd5 38. g3 Nb4+ 39. Kd2 Ra6 40. h4
gxh4 41. gxh4 f5 42. Ne5 Kd6 43. Nf3 Kc5 44. h5 Rh6 45. Bf7 Nc6 46. Bg6 Ne7 47.
Bf7 f4 48. Kd3 Nd5 49. Nxd4 Nb4+ 50. Ke4 Nc6 51. Ne6+ 1-0

[Event "Women's Speed Chess Q3"]
[Site "chess.com INT"]
[Date "2021.05.30"]
[Round "5"]
[White "Jakubowska, Anna"]
[Black "Zakirova, Aisha"]
[Result "1-0"]
[WhiteTitle "WIM"]
[BlackTitle "WCM"]
[WhiteElo "2073"]
[BlackElo "1585"]
[WhiteFideId "1121952"]
[BlackFideId "13719734"]
[EventDate "2021.05.30"]

1. e4 c5 2. Nc3 Nc6 3. g3 g6 4. Bg2 Bg7 5. d3 d6 6. Nh3 Nf6 7. O-O O-O 8. f4 Nd4
9. Be3 Ng4 10. Bd2 Rb8 11. Nf2 Nxf2 12. Rxf2 b5 13. Be3 b4 14. Na4 Bd7 15. c3
bxc3 16. Nxc3 Nc6 17. Rc1 Qa5 18. a3 Rfc8 19. Bd2 Bd4 20. Ne2 Bxf2+ 21. Kxf2 Qb6
22. Bc3 c4+ 23. d4 Na5 24. Kf1 Nb3 25. Rb1 Bg4 26. h3 Bxe2+ 27. Qxe2 Nxd4 28.
Qd2 Nb3 29. Qe2 Nd4 30. Qd2 Nb3 31. Qc2 Nd4 32. Qd1 Nb3 33. Qf3 Nd4 34. Qg4 Nb3
35. f5 Qe3 36. Re1 Qd3+ 37. Kg1 Nd2 38. Kh2 Qc2 39. fxg6 hxg6 40. Re2 Rxb2 41.
Rxd2 Qxc3 42. Qxc8+ Kg7 43. Rxb2 Qxb2 44. Qxc4 Qxa3 45. Qd4+ e5 46. Qd5 a5 47.
h4 a4 48. Bf1 Qb2+ 49. Kg1 a3 50. Bc4 Qb6+ 51. Kg2 Qa7 52. Ba2 Qc7 53. Kh3 Qc2
54. Qxf7+ Kh6 55. Qf8+ Kh7 56. Bg8+ Kh8 57. Bf7+ Kh7 58. Qg8+ Kh6 59. Qxg6# 1-0

[Event "Women's Speed Chess Q3"]
[Site "chess.com INT"]
[Date "2021.05.30"]
[Round "5"]
[White "Nanditha, V"]
[Black "Mohota, Nisha"]
[Result "1-0"]
[WhiteTitle "WCM"]
[BlackTitle "IM"]
[WhiteElo "1666"]
[BlackElo "2195"]
[WhiteFideId "46626697"]
[BlackFideId "5004330"]
[EventDate "2021.05.30"]

1. e4 Nf6 2. e5 Nd5 3. Nc3 Nxc3 4. dxc3 d6 5. f4 Nc6 6. Nf3 dxe5 7. Qxd8+ Nxd8
8. Nxe5 f6 9. Nf3 e6 10. Bc4 Bd6 11. Be3 Ke7 12. O-O-O a6 13. a3 b5 14. Bb3 Bb7
15. Nd4 c5 16. Nf3 c4 17. Ba2 Bxf3 18. gxf3 f5 19. Rhe1 Rf8 20. Bd4 g6 21. Be5
Bxe5 22. fxe5 f4 23. b3 cxb3 24. Bxb3 Rc8 25. Kb2 Rf5 26. Rd4 Nf7 27. Rde4 Rc5
28. Rd1 Rcxe5 29. Red4 Re2 30. Rd7+ Kf6 31. Ra7 Rxh2 32. Rxa6 Re5 33. Rd7 Rf2
34. Raa7 Ng5 35. Rd8 Rxf3 36. Rf8+ Nf7 37. Rfxf7+ Kg5 38. Rxh7 Re2 39. Rhe7 e5
40. Ra5 Rff2 41. Rxb5 f3 42. Rbxe5+ Rxe5 43. Rxe5+ Kf4 44. Re8 g5 45. Rf8+ Kg3
46. a4 g4 47. a5 Rf1 48. a6 Re1 49. a7 f2 50. a8=Q f1=Q 51. Rxf1 Rxf1 52. Bd5
Kh2 53. c4 g3 54. c5 g2 55. Bxg2 Rf2 56. Bd5 Re2 57. c6 Rd2 58. c7 Kg1 59. c8=Q
Rd1 60. Qg8+ Kf2 61. Qaf8+ Ke3 62. Qe6+ Kd4 63. Qf4+ Kc5 64. Qc4# 1-0

[Event "Women's Speed Chess Q3"]
[Site "chess.com INT"]
[Date "2021.05.30"]
[Round "5"]
[White "Doluhanova, Evgeniya"]
[Black "Priyanka, K"]
[Result "1-0"]
[WhiteTitle "WGM"]
[BlackTitle "WIM"]
[WhiteElo "2207"]
[BlackElo "2218"]
[WhiteFideId "14112035"]
[BlackFideId "5082986"]
[EventDate "2021.05.30"]

1. e4 c5 2. Nf3 d6 3. Bb5+ Nd7 4. Ba4 a6 5. c4 Nf6 6. Nc3 g6 7. O-O Bg7 8. d4
O-O 9. e5 dxe5 10. dxe5 Ng4 11. e6 Nde5 12. exf7+ Nxf7 13. Qxd8 Rxd8 14. Nd5 e6
15. Nb6 Rb8 16. Bf4 e5 17. Bg3 Rd6 18. Nxc8 Rxc8 19. Rad1 Rcd8 20. Rxd6 Rxd6 21.
h3 Ngh6 22. Re1 Re6 23. Bd7 Re7 24. Ba4 Nf5 25. Bh2 e4 26. Nd2 Bxb2 27. Nxe4 Bc3
28. Re2 Nd4 29. Nf6+ Kf8 30. Rxe7 Kxe7 31. Nd5+ Ke6 32. Nxc3 Ne5 33. Kf1 Nxc4
34. Bb3 b5 35. Bxc4+ bxc4 36. Bf4 Nb5 37. Nxb5 axb5 38. Ke2 b4 39. Kd2 b3 40.
axb3 cxb3 41. Kc3 c4 42. Be3 Kd5 43. Bc1 Kc5 44. Ba3+ Kd5 45. f3 g5 46. g3 h6
47. Bc1 Kc5 48. h4 gxh4 49. gxh4 h5 50. Be3+ Kd5 51. Bg5 Kc5 52. Bf6 Kd5 53. f4
Ke4 54. Be5 Kf5 55. Kb2 Kg4 56. Bd6 1-0

[Event "Women's Speed Chess Q3"]
[Site "chess.com INT"]
[Date "2021.05.30"]
[Round "5"]
[White "Ambartsumova, Karina"]
[Black "Nomin-Erdene, Davaademberel"]
[Result "1-0"]
[WhiteTitle "IM"]
[BlackTitle "IM"]
[WhiteElo "2382"]
[BlackElo "2382"]
[WhiteFideId "4166299"]
[BlackFideId "4900782"]
[EventDate "2021.05.30"]

1. c4 f5 2. Nc3 Nf6 3. d4 g6 4. Bg5 Bg7 5. Bxf6 Bxf6 6. e4 d6 7. Nf3 e6 8. Bd3
O-O 9. O-O Nc6 10. d5 Nb4 11. dxe6 Nxd3 12. Qxd3 Bxe6 13. Rad1 Kh8 14. b3 Qd7
15. Rfe1 Rad8 16. Nd4 fxe4 17. Nxe4 Bf5 18. Nxf6 Rxf6 19. Qc3 Qg7 20. Nb5 Rdf8
21. f3 a6 22. Nd4 Bd7 23. Qd2 Kg8 24. Re3 R6f7 25. Rde1 Qf6 26. Nc2 Qf4 27. Qd4
Qxd4 28. Nxd4 c5 29. Nc2 Bc6 30. Rd1 Kg7 31. Rxd6 Rf6 32. Re7+ R6f7 33. Rxf7+
Rxf7 34. Kf2 Re7 35. Ne3 Kf7 36. h4 Re8 37. g3 Ke7 38. Rd2 Rf8 39. f4 Re8 40.
Nd5+ Kf7 41. Ne3 Re7 42. a3 Re8 43. b4 cxb4 44. axb4 Re7 45. c5 Re8 46. Nc4 Kg7
47. Ne5 Bb5 48. Rd6 Rf8 49. Rb6 Rd8 50. Rxb7+ Kf6 51. c6 Rd2+ 52. Ke3 Rc2 53. c7
Rc3+ 54. Kd4 Rc1 55. Kd5 Be8 56. Kd6 Rd1+ 57. Kc5 Rc1+ 58. Kb6 Bb5 59. Ka7 Ke6
60. Kb8 Kd6 61. c8=Q Rxc8+ 62. Kxc8 Kd5 63. Rxh7 Kd4 64. Rg7 Kc3 65. Rxg6 Kxb4
66. h5 a5 67. h6 a4 68. h7 a3 69. h8=Q 1-0

[Event "Women's Speed Chess Q3"]
[Site "chess.com INT"]
[Date "2021.05.30"]
[Round "5"]
[White "Bodnaruk, Anastasia"]
[Black "Balabayeva, Xeniya"]
[Result "1/2-1/2"]
[WhiteTitle "IM"]
[BlackTitle "WFM"]
[WhiteElo "2457"]
[BlackElo "2178"]
[WhiteFideId "4181751"]
[BlackFideId "13719688"]
[EventDate "2021.05.30"]

1. e4 c6 2. d4 d5 3. e5 c5 4. c3 Nc6 5. Be2 e6 6. Nf3 f6 7. O-O fxe5 8. Nxe5
Nxe5 9. dxe5 g6 10. f4 Bg7 11. Nd2 Ne7 12. Nf3 O-O 13. Bd3 b6 14. Kh1 Nf5 15.
Qe1 Bb7 16. Bd2 Qd7 17. Rd1 Rad8 18. Bc1 a6 19. Ng5 h6 20. Nf3 Qf7 21. g4 Ne7
22. Kg1 Qe8 23. Nh4 d4 24. Be4 Bxe4 25. Qxe4 dxc3 26. bxc3 Kh7 27. Rd6 Rxd6 28.
exd6 Nd5 29. f5 gxf5 30. gxf5 Nxc3 31. Qd3 exf5 32. Rxf5 Rxf5 33. Qxf5+ Kg8 34.
Bd2 Ne2+ 35. Kf1 Nd4 36. d7 Qe2+ 37. Kg1 Nxf5 38. d8=Q+ Kh7 39. Nxf5 Qd1+ 40.
Kf2 Qg4 41. Ng3 Bd4+ 42. Kg2 h5 43. Qe7+ Kg6 44. Qd6+ Kg7 45. Qh6+ Kf7 46. Qxh5+
Qxh5 47. Nxh5 c4 48. Nf4 c3 49. Bc1 b5 50. a3 a5 51. Ne2 Be5 52. Kf3 b4 53. axb4
axb4 54. Ke4 b3 55. Kxe5 b2 56. Bxb2 cxb2 57. Nc3 Kg6 58. Kf4 Kh5 59. Kg3 Kg5
60. h4+ Kf5 61. Nb1 Ke4 62. Kg4 Kd3 63. h5 Kc2 64. Na3+ Kb3 65. Nb1 Kc2 66. Na3+
Kb3 67. Nb1 Kc2 1/2-1/2

[Event "Women's Speed Chess Q3"]
[Site "chess.com INT"]
[Date "2021.05.30"]
[Round "5"]
[White "Alboredo, Julia"]
[Black "Von Herman, Brigitte"]
[Result "1-0"]
[WhiteTitle "WFM"]
[BlackTitle "WFM"]
[WhiteElo "2182"]
[BlackElo "1991"]
[WhiteFideId "2124807"]
[BlackFideId "4628730"]
[EventDate "2021.05.30"]

1. e4 e5 2. Nf3 Nc6 3. d4 exd4 4. Bc4 Nf6 5. e5 d5 6. Bb5 Nd7 7. O-O Be7 8. Bxc6
bxc6 9. Nxd4 Nb8 10. f4 O-O 11. Be3 c5 12. Nf3 Nc6 13. c3 Rb8 14. Qc2 Qd7 15.
Nbd2 Qf5 16. Qxf5 Bxf5 17. b3 f6 18. exf6 Bxf6 19. Bxc5 Rfe8 20. Rac1 a5 21. Nd4
Bd3 22. Nxc6 Ra8 23. Rfe1 Rxe1+ 24. Rxe1 a4 25. b4 Bxc3 26. Re3 Bxd2 27. Rxd3
Bxf4 28. Ne7+ Kh8 29. Nxd5 Bd6 30. Bxd6 cxd6 31. b5 Kg8 32. b6 Rb8 33. Rc3 Kf7
34. Rc7+ Ke6 35. Nb4 Rxb6 36. Nd3 Rb1+ 37. Kf2 Ra1 38. Rc2 a3 39. Nb4 Rb1 40.
Nd3 Kd5 41. Ke2 Kd4 42. Kd2 g5 43. Nc1 d5 44. Nb3+ Ke4 45. Rc8 Rb2+ 46. Rc2 Rb1
47. Kc3 d4+ 48. Nxd4 Rd1 49. Nb3 Rd3+ 50. Kb4 g4 51. Kxa3 Ke3 52. Rc8 Kf2 53.
Rc2+ Kg1 54. g3 Rf3 55. Kb2 Rf2 56. a4 Rxc2+ 57. Kxc2 Kxh2 58. a5 Kxg3 59. a6
Kh2 60. a7 g3 61. a8=Q g2 62. Qb8+ Kh1 63. Qb7 Kh2 64. Qc7+ Kh1 65. Qc6 Kh2 66.
Qd6+ Kh3 67. Qh6+ Kg3 68. Qe3+ Kh2 69. Qf2 Kh1 70. Qh4+ Kg1 71. Nd2 h5 72. Nf3+
Kf1 73. Qe1# 1-0

[Event "Women's Speed Chess Q3"]
[Site "chess.com INT"]
[Date "2021.05.30"]
[Round "5"]
[White "Koridze, Lile"]
[Black "Golubeva, Oksana"]
[Result "1-0"]
[WhiteTitle "WFM"]
[BlackTitle "WFM"]
[WhiteElo "2016"]
[BlackElo "2179"]
[WhiteFideId "13612514"]
[BlackFideId "4170164"]
[EventDate "2021.05.30"]

1. d4 e6 2. c4 Nf6 3. Nc3 d5 4. e3 a6 5. Nf3 Nbd7 6. Bd3 dxc4 7. Bxc4 b5 8. Bd3
Bb7 9. O-O c5 10. Be2 Qb6 11. dxc5 Bxc5 12. a3 Rc8 13. b4 Bxb4 14. Nxb5 Be7 15.
Nbd4 O-O 16. Bd2 Rfd8 17. Rb1 Qa7 18. Qb3 Bd5 19. Qb2 Rb8 20. Qc3 Ne4 21. Qa1
Nxd2 22. Nxd2 Bf6 23. N2f3 g6 24. Rxb8 Rxb8 25. Qc1 Qb7 26. Rd1 Qb2 27. Qc7 Rb7
28. Qc8+ Kg7 29. h3 Ne5 30. Bxa6 Nxf3+ 31. Nxf3 Rb8 32. Qc1 Qb6 33. Be2 Bb2 34.
Qd2 Bxa3 35. Qc3+ Kg8 36. Qxa3 Qb2 37. Qxb2 Rxb2 38. Bd3 h6 39. Nd4 Kg7 40. Rb1
Rd2 41. Bb5 e5 42. Nc6 Be4 43. Rc1 Rb2 44. Bf1 f6 45. Nd8 Bc2 46. Ne6+ Kf7 47.
Nc5 Bf5 48. Bd3 Bxd3 49. Nxd3 Rd2 50. Nc5 h5 51. Ne4 Ra2 52. Rc7+ Ke6 53. Rb7
Ra6 54. Nc5+ Kf5 55. Nxa6 e4 56. Re7 g5 57. Nc5 g4 58. Nxe4 gxh3 59. gxh3 h4 60.
Nxf6 Kg5 61. Rh7 Kg6 62. Rxh4 Kg5 63. Rg4+ Kh6 64. Nd7 Kh5 65. e4 Kh6 66. e5 Kh5
67. e6 Kh6 68. e7 Kh7 69. Nf8+ Kh6 70. Ng6 Kh5 71. e8=Q Kh6 72. Qh8# 1-0

[Event "Women's Speed Chess Q3"]
[Site "chess.com INT"]
[Date "2021.05.30"]
[Round "5"]
[White "Zaksaite, Salomeja"]
[Black "Dordzhieva, Dinara"]
[Result "1-0"]
[WhiteTitle "WIM"]
[BlackTitle "WGM"]
[WhiteElo "2202"]
[BlackElo "2334"]
[WhiteFideId "12801496"]
[BlackFideId "24157570"]
[EventDate "2021.05.30"]

1. g3 d5 2. Bg2 Nf6 3. b3 c6 4. Bb2 Bg4 5. h3 Bh5 6. g4 Bg6 7. e3 Nbd7 8. Ne2 e6
9. O-O Bd6 10. d3 h5 11. g5 Nh7 12. f4 f6 13. Nd2 fxg5 14. Bxg7 Rg8 15. Bb2 gxf4
16. Nxf4 Qg5 17. Nf3 Qg3 18. Qe1 Qxe1 19. Raxe1 Bxf4 20. exf4 Bf5 21. Kh2 O-O-O
22. Nd4 Rde8 23. Nxf5 exf5 24. Bf3 Nhf6 25. Be5 a6 26. Re2 Re6 27. Rfe1 Rge8 28.
c4 dxc4 29. bxc4 Nxe5 30. fxe5 Nd7 31. Bxh5 Rh8 32. Bf3 c5 33. Bd5 Re7 34. e6
Nf6 35. Re3 Ng4+ 36. Kg3 Nxe3 37. Rxe3 Rf8 38. Kf4 Rh7 39. Rg3 Rh4+ 40. Ke5 f4
41. Rf3 Kd8 42. Kd6 Re8 43. Bxb7 a5 44. Bc6 Re7 45. Bd5 Re8 46. Kxc5 Ke7 47. Kd4
Rc8 48. Ke5 Rf8 49. Ke4 Rh5 50. d4 Rff5 51. Bc6 Kxe6 52. d5+ Kd6 53. Rxf4 Rxf4+
54. Kxf4 Rxh3 55. Ke4 Ra3 56. Kd4 Rxa2 57. c5+ Kc7 58. Bb5 Rb2 59. d6+ Kd8 60.
Bc6 Rb4+ 61. Kd5 a4 62. d7 Kc7 63. Ke6 Rb8 64. Ke7 a3 65. Bd5 1-0

[Event "Women's Speed Chess Q3"]
[Site "chess.com INT"]
[Date "2021.05.30"]
[Round "5"]
[White "Dwilewicz, Katarzyna"]
[Black "Kiran, Manisha Mohanty"]
[Result "1/2-1/2"]
[WhiteTitle "WFM"]
[BlackTitle "WGM"]
[WhiteElo "2092"]
[BlackElo "2168"]
[WhiteFideId "1148486"]
[BlackFideId "5019575"]
[EventDate "2021.05.30"]

1. e4 c5 2. Nf3 d6 3. d4 cxd4 4. Nxd4 Nf6 5. Nc3 Nc6 6. Bg5 e6 7. Qd2 Be7 8.
O-O-O Nxd4 9. Qxd4 O-O 10. f3 a6 11. h4 b5 12. g4 Qc7 13. Kb1 Bb7 14. h5 h6 15.
Be3 b4 16. Ne2 e5 17. Qd2 d5 18. exd5 Nxd5 19. Nc1 Rfd8 20. Bd3 Nxe3 21. Qxe3
Bg5 22. Qe2 a5 23. Rhe1 Bf4 24. Be4 Ba6 25. Nd3 a4 26. Qf2 Bxd3 27. Bxd3 a3 28.
Qe2 axb2 29. Qe4 Qa5 30. Bc4 Rac8 31. Bb3 Qb6 32. Qf5 Rxd1+ 33. Rxd1 Rd8 34.
Qxf7+ Kh8 35. Rxd8+ Qxd8 36. Qd5 Qxd5 37. Bxd5 Bc1 38. Bf7 Kh7 39. Bg6+ Kg8 40.
Bd3 Kf8 41. Bc4 Ke7 42. Bd5 Kd6 43. Be4 Kc5 44. Ba8 Kd4 45. Be4 Ke3 46. Ba8 Kf4
47. Be4 Ke3 48. Bd5 Kd2 49. Be4 Kc3 50. Bd5 Bg5 51. Be4 Be7 52. Bd5 Bc5 53. Be4
Be3 54. Bd5 Bd4 55. Be4 Kd2 56. Bd5 Ke3 57. Be4 Kf4 58. Bd5 Kg3 59. Be4 Bc3 60.
Bd5 Kf4 61. Be4 Kg5 62. Bd5 g6 63. hxg6 Kxg6 64. Be4+ Kg5 65. Bc6 Kh4 66. Be4
Kg3 67. Bd5 Kf2 68. Be4 Ke1 69. Bd5 Kf2 70. Be4 Kg3 71. Bd5 Kf4 72. Be4 Kg5 73.
Bd5 h5 74. gxh5 Kxh5 75. Be4 Kg5 76. Bd5 Kf4 77. Be4 Ke3 78. Bd5 Kd4 79. Be4 Kc5
80. Ba8 Kd4 81. Be4 Ke3 82. Ba8 Kf4 83. Be4 Ke3 1/2-1/2

[Event "Women's Speed Chess Q3"]
[Site "chess.com INT"]
[Date "2021.05.30"]
[Round "5"]
[White "Franco Valencia, Angela"]
[Black "Sikorova, Olga"]
[Result "0-1"]
[WhiteTitle "WIM"]
[BlackTitle "WGM"]
[WhiteElo "2089"]
[BlackElo "2215"]
[WhiteFideId "4403070"]
[BlackFideId "307033"]
[EventDate "2021.05.30"]

1. e4 e6 2. d3 d5 3. Nd2 c5 4. Ngf3 Nc6 5. g3 g6 6. Bg2 Bg7 7. O-O Nf6 8. Re1
O-O 9. Qe2 b6 10. Nf1 Bb7 11. h4 dxe4 12. dxe4 Nd4 13. Nxd4 Qxd4 14. c3 Qd7 15.
Bg5 h6 16. Bf4 Qe7 17. c4 Rfd8 18. Rad1 Rxd1 19. Rxd1 Rd8 20. Rxd8+ Qxd8 21. e5
Bxg2 22. Kxg2 Qa8+ 23. f3 Nd7 24. Nd2 Kh7 25. a3 Qb8 26. b4 Bxe5 27. Be3 cxb4
28. axb4 Bxg3 29. c5 bxc5 30. bxc5 Bc7 31. Qd3 Ne5 32. Qe4 Qd8 33. c6 Qf6 34.
Bd4 Qf5 35. Qxf5 gxf5 36. Bxa7 Nxc6 37. Bf2 Kg6 38. Nc4 Ne5 39. Ne3 Nd3 40. Bg1
Kh5 41. Kh3 Nf4+ 42. Kg3 Ne2+ 43. Kg2 Nxg1 44. Kxg1 Bb6 45. Kg2 Kxh4 46. Nc4 Kg5
47. Nxb6 e5 48. Nc4 e4 49. fxe4 fxe4 50. Nd6 f5 51. Nf7+ Kg6 52. Ne5+ Kf6 53.
Nd7+ Ke7 54. Ne5 Ke6 55. Ng6 Kf6 56. Nf4 Ke5 57. Kg3 Kd4 58. Ne6+ Ke3 59. Nf4
Kd2 60. Kf2 e3+ 61. Kf3 h5 62. Ne2 h4 63. Ng1 h3 64. Nxh3 e2 65. Nf4 e1=Q 66.
Ng2 Qf1+ 67. Kg3 Ke2 68. Nf4+ Ke3 69. Nh3 Ke4 70. Kh4 f4 71. Ng5+ Ke3 72. Kg4
Qg1+ 73. Kf5 Qxg5+ 74. Kxg5 f3 75. Kf5 f2 0-1

[Event "Women's Speed Chess Q3"]
[Site "chess.com INT"]
[Date "2021.05.30"]
[Round "5"]
[White "Szente Varga, Fruzsina"]
[Black "Padmini, Rout"]
[Result "0-1"]
[WhiteTitle "WFM"]
[BlackTitle "IM"]
[WhiteElo "2100"]
[BlackElo "2370"]
[WhiteFideId "712264"]
[BlackFideId "5029295"]
[EventDate "2021.05.30"]

1. e4 c5 2. Nf3 e6 3. b3 b6 4. Bb2 Bb7 5. Nc3 Nf6 6. e5 Nd5 7. Nxd5 Bxd5 8. d3
Be7 9. Be2 O-O 10. O-O f5 11. exf6 Bxf6 12. Bxf6 Qxf6 13. c4 Bb7 14. Qd2 Nc6 15.
Rad1 Nd4 16. Nxd4 Qxd4 17. Qe3 a5 18. Qxd4 cxd4 19. a3 Bc6 20. Rb1 b5 21. Rfc1
b4 22. a4 Kf7 23. f4 Ke7 24. g3 h6 25. Rf1 Kd6 26. Bf3 Bxf3 27. Rxf3 Rf5 28. Re1
Raf8 29. Re4 Kc5 30. g4 R5f7 31. Re5+ Kb6 32. f5 exf5 33. gxf5 d6 34. Rd5 Kc6
35. Rxa5 g6 36. Ra6+ Kc5 37. Ra5+ Kc6 38. Rd5 gxf5 39. Rxd4 f4 40. Kf2 Kc5 41.
Re4 d5 42. d4+ Kd6 43. c5+ Kd7 44. Re5 Kc6 45. Re6+ Kc7 46. Rxh6 Re7 47. Rd6
Rfe8 48. Rxf4 Re2+ 49. Kg3 Rb2 50. Rf3 Rg8+ 51. Kh3 Rh8+ 52. Kg4 Rbxh2 53. Rdf6
R8h4+ 54. Kf5 Rxd4 55. Ke6 Re2+ 56. Kf7 Rde4 57. Kg6 d4 58. Rf7+ Kc6 59. R3f6+
Re6 60. Rf8 Rxf6+ 61. Kxf6 Kxc5 62. Rc8+ Kd5 63. Rd8+ Ke4 64. a5 Ra2 65. Re8+
Kf4 66. Rd8 Ke3 67. Re8+ Kd3 68. Re5 Kc3 69. Rd5 d3 70. Ke5 d2 71. Kd6 Rxa5 72.
Rxa5 d1=Q+ 73. Rd5 Qxb3 74. Rh5 Qc4 75. Rh3+ Qd3+ 0-1

[Event "Women's Speed Chess Q3"]
[Site "chess.com INT"]
[Date "2021.05.30"]
[Round "5"]
[White "Shuvalova, Polina"]
[Black "Enkhtuul, Altan-Ulzii"]
[Result "1-0"]
[WhiteTitle "IM"]
[BlackTitle "WGM"]
[WhiteElo "2484"]
[BlackElo "2228"]
[WhiteFideId "24171760"]
[BlackFideId "4901444"]
[EventDate "2021.05.30"]

1. e4 Nf6 2. e5 Nd5 3. d4 d6 4. exd6 exd6 5. c4 Nb6 6. Nc3 Be7 7. Bd3 O-O 8.
Nge2 Nc6 9. h3 Bf6 10. Be3 Nb4 11. O-O Nxd3 12. Qxd3 Be6 13. d5 Bd7 14. Rae1 Qc8
15. Nd4 Bxd4 16. Bxd4 Bf5 17. Qg3 Bg6 18. f4 f5 19. Re7 Rf7 20. Rxf7 Kxf7 21. b3
Nd7 22. Re1 Nf6 23. Re6 Ng8 24. Qe3 Qd7 25. Nb5 a6 26. Nc3 Re8 27. Rxe8 Qxe8 28.
Qxe8+ Kxe8 29. Bxg7 Kf7 30. Bd4 Ne7 31. Kf2 c5 32. dxc6 Nxc6 33. Ke3 Bh5 34. Nd5
Bd1 35. Bc3 Bc2 36. Nb6 Bb1 37. Kd2 a5 38. Nd5 Bxa2 39. Kc2 a4 40. bxa4 Bxc4 41.
Ne3 Be6 42. a5 d5 43. Kd3 Ke7 44. Bd2 d4 45. Nc2 Bd5 46. Ne1 Ke6 47. g4 Be4+ 48.
Kc4 Bd5+ 49. Kc5 fxg4 50. hxg4 Be4 51. Kb6 Nxa5 52. Kxa5 d3 53. Kb6 Kd5 54. f5
Kc4 55. f6 Bg6 56. Kxb7 Kd4 57. Kc6 Ke5 58. Bc3+ Ke6 59. Kc5 d2 60. Bxd2 Kxf6
61. Kd4 Bf7 62. Ke3 Be6 63. Kf4 Kg6 64. Nf3 h5 65. g5 Bg4 66. Ne5+ Kg7 67. Nxg4
hxg4 68. Kxg4 Kg6 69. Bc3 Kh7 70. Kf5 Kg8 71. g6 Kf8 72. Kg5 Kg8 73. Kh6 Kf8 74.
Kh7 Ke7 75. g7 Ke6 76. g8=Q+ Kf5 77. Bg7 Kf4 78. Qf7+ Kg4 79. Kg6 Kh3 80. Qc4
Kg2 81. Kf5 Kf3 82. Qd3+ Kf2 83. Kf4 Kg1 84. Kg3 Kh1 85. Qd1# 1-0